Oldest Things - Statistics

General Stats
  • This quiz has been taken 65,627 times
    35,674 since last reset
  • The average score is 9 of 20
Answer Stats
Category How old? Answer % Correct
British monarch 96 years Queen Elizabeth II
96%
University in England est. 1096 Oxford
92%
College in the United States est. 1636 Harvard
83%
Country with the longest continuous monarchy since at least 539 AD Japan
79%
Former U.S. President 100 years Jimmy Carter
77%
City with the oldest annual marathon since 1897 Boston
58%
Oldest tennis player to be ranked #1 in singles 37 years Novak Djokovic
46%
The world's oldest (and deepest) lake 25–30 million years ago Lake Baikal
45%
He became the oldest person to win an Oscar for Best Director with "Million Dollar Baby" 74 years Clint Eastwood
44%
Longest-lived mammal species age 211 Bowhead whale
40%
City with the oldest stock market est. 1602 Amsterdam
39%
Person in the Bible 969 years old Methuselah
37%
Golf course est. 1552 Old Course at St. Andrews
33%
Country with the oldest citizens 56.2 years Monaco
30%
University in the world est. 1088 Bologna
29%
Major League Baseball stadium built in 1912 Fenway Park
28%
In 1994, he became the oldest heavyweight boxing champ 45 years George Foreman
27%
This capital city is the oldest continuously-inhabited European settlement in the Americas founded 1496 Santo Domingo
22%
Canadian company est. 1670 Hudson's Bay Company
21%
This pine from the southwest U.S. is the longest-lived species of trees 4851 years {Bristlecone} Pine
6%
No matching quizzes found
Score Distribution
Percent of People with Each Score
Percentile by Number Answered
Your Score History
You have not taken this quiz since the last reset